[Event "Russia vs China (Women's Rapid)"]
[Site "Sochi RUS"]
[Date "2009.08.21"]
[EventDate "2009.08.21"]
[Round "3"]
[Result "1/2-1/2"]
[White "Huang Qian"]
[Black "Marina Romanko Nechaeva"]
[WhiteElo "2424"]
[BlackElo "2447"]
[PlyCount "130"]

1. d4 Nf6 2. c4 g6 3. Nc3 Bg7 4. e4 d6 5. Be2 O-O 6. Nf3 e5
7. O-O Nc6 8. d5 Ne7 9. b4 a5 10. bxa5 Rxa5 11. Nd2 c5 12. a4
Ne8 13. Nb5 f5 14. exf5 Nxf5 15. Ne4 Nd4 16. Bg5 Qd7 17. Bd3
Ra6 18. Be3 Nf6 19. Ng5 Qe7 20. Bxd4 cxd4 21. Ne4 Nxe4
22. Bxe4 Bf5 23. Re1 Rc8 24. Nxd4 Bd7 25. Nf3 Qd8 26. Nd2 Bh6
27. Bd3 Bxd2 28. Qxd2 Bxa4 29. Qb4 Rca8 30. c5 dxc5 31. Qxc5
Bb5 32. Rxa6 Bxa6 33. Be4 Rc8 34. Qa3 Rc4 35. Qg3 Qc7 36. Qg5
Qa5 37. Qe3 Qc7 38. h4 Qe7 39. h5 gxh5 40. Qh6 Rd4 41. Qxh5
Bc4 42. Qg4+ Kh8 43. Qc8+ Kg7 44. Qg4+ Kh8 45. Qc8+ Kg7
46. Qf5 Kh8 47. Ra1 Bxd5 48. Bxd5 Rxd5 49. Ra8+ Rd8 50. Rxd8+
Qxd8 51. Qxe5+ Kg8 52. Qe6+ Kg7 53. Qg4+ Kh8 54. Qf5 Qd1+
55. Kh2 Qd6+ 56. g3 b6 57. Qc8+ Kg7 58. Qg4+ Kf6 59. Qh4+ Kg7
60. Qg4+ Qg6 61. Qd7+ Kg8 62. Qd8+ Kg7 63. Qc7+ Kg8 64. Qd8+
Kg7 65. Qc7+ Kg8 1/2-1/2